1531 1696 1839 1114 1797 1702 1072 1220 1660 1652 1253 1116 1165 1847 1932 1711 1611 1982 1542 1713 2000 1196 1283 1047 1434 1883 1708 1983 1393 1936 1010 1787 1052 1071 1864 1933 1197 1936 1546 1423 1683 1668 1305 1264 1480 1023 1847 1112 1579 1494 1968 1306 1556 1647 1224 1082 1376 1298 1402 1380 1763 1373 1214 1508 1671 1235 1429 1804 1783 1086 1520 1914 1921 1577 1775 1204 1361 1147 1064 1369 1658 1373 1145 1070 1627 1935 1327 1043 1061 1569 1578 1373 1351 1515 1176 1149 1488 1920 1699 BCNSPRNW ULIB Ver.6.0+V

เปลี่ยนเป็นภาษาไทย

Change to English
 แสดงรายละเอียดบรรณานุกรม
  กลับหน้าหลัก

Brief Record : Get Marc (ISO 2709) : E-mail record : QR code < ปิดหน้าต่าง
LEADER : 00000nam 2200000uu 4500
001    13399112037
003     ULIB
008    110725s2550||||th 000 0 tha d
020    9789743444555
050  4 H62^bจ459ก 2550
100 0  จิตราภา กุณฑลบุตร
245 10 การวิจัยสำหรับนักวิจัยรุ่นใหม่ /^cจิตราภา กุณฑลบุตร
250    พิมพ์ครั้งที่ 1
260    กรุงเทพฯ :^bโรงพิมพ์สหธรรมิก,^c2550
300    332 หน้า :^bภาพประกอบ ;^c27 ซม.
650  7 การวิจัย
650  7 นักวิจัย
650  7 วิจัย
650  7 วิจัย^xรวมเรื่อง
945    ^p195^l0^i020507
945    ^p195^l0^i020508
945    ^p195^l0^i027092
995    ทศพร
999 ^a ทศพร
รายการนี้ยังไม่มีแท็ก
คุณยังไม่ได้ล็อกอิน คุณสามารถมีกิจกรรมร่วมกับเว็บไซต์ได้ แต่ต้องล็อกอินก่อน ::
  ล็อกอิน

รายการสื่อสารสนเทศ

ลำดับที่ ประเภท เลขเรียก/บาร์โค้ด สถานที่ สถานะ
- ไม่พบข้อมูล -

รายการใกล้เคียง
    ผู้แต่ง [จิตราภา กุณฑลบุตร]

    หัวเรื่อง [การวิจัย]
    หัวเรื่อง [นักวิจัย]
    หัวเรื่อง [วิจัย]

BibComment


ยังไม่เคยถูกคอมเมนท์

คอมเมนท์ทรัพยากรรายการนี้
  คอมเมนท์: การวิจัยสำหรับนัก..


 Copyright 2026. Bcnsprnw @Library